000 00661nam a2200289Ia 4500
005 20260324115611.0
008 008 260324s9999 xx 000 0 eng d
020 _a9781315205045
037 _aEBOOK
040 _aCRL
040 _beng
040 _cCRL
041 _2eng
041 _aeng
084 _qCRL
100 _aPrabhakar S. Naidu
_91155295
245 0 _aDistributed Sensor Arrays
245 0 _bLocalization
260 _bTaylor and Francis
260 _c2017
365 _a
365 _b355
856 _uhttp://www.taylorfrancis.com/books/9781315205045
942 _cEBOOK
999 _c1746283
_d1746283